Impuesto a las ganancias (Registro nro. 27591)

Detalles MARC
000 -LEADER
fixed length control field 00307 a2200109 4500
001 - CONTROL NUMBER
control field ART_18736
005 - DATE AND TIME OF LATEST TRANSACTION
control field 20260410161920.0
008 - FIXED-LENGTH DATA ELEMENTS--GENERAL INFORMATION
fixed length control field 260409a
100 1# - MAIN ENTRY--PERSONAL NAME
Personal name Jarach, Dino
245 10 - TITLE STATEMENT
Title Impuesto a las ganancias
773 0# - HOST ITEM ENTRY
Title La información
Related parts - Tomo XXXVII, Nº 578 (feb. 1978)
Record control number REV14902

No hay ítems disponibles.